Edgar Degas 2007

Bibliographic Details
Corporate Authors: The Bridgeman Art Library (Author), Réunion des musées nationaux (Paríž, Francúzsko) (Photographer)
Format: Photo
Language:English
PhysicalDescription:1 kalendár ([14] l.) fareb. 64 x 47 cm
Published: [Banská Bystrica] Spektrum Grafik [2006]
Subjects:

MARC

LEADER 00000nkm a2200000 a 4500
001 vtls008948785
003 SK-MaSNL
005 20260302005125.0
007 kf co
008 200701s2006 xo g kueng
015 |a SNBG2010/03-02051 
040 |a SNK  |b slo  |c SNK  |e AACR2 
041 0 |a eng 
043 |a e-fr--- 
044 |a xo  |c SK 
080 |a 75(44)  |2 2001 
080 |a (44)  |2 2001 
080 |a (059)  |2 2001 
080 |a 7.026  |2 2001 
110 2 |a The Bridgeman Art Library  |4 aut  |9 403199 
245 1 0 |a Edgar Degas 2007  |h grafika  |c photo: The Bridgeman Art Library, Réunion des Musées Nationaux 
260 |a [Banská Bystrica]  |b Spektrum Grafik  |c [2006] 
300 |a 1 kalendár ([14] l.)  |b fareb.  |c 64 x 47 cm 
500 |a Mesačný kalendár 
600 1 7 |a Degas, Edgar,  |d 1834-1917  |2 SNKMA  |9 370193 
648 7 |a 19.-20. stor.  |2 SNKPH  |9 268609 
650 0 7 |a francúzske maliarstvo  |2 SNKPH  |9 3115 
651 7 |a Francúzsko  |2 SNKPH  |9 15907 
655 7 |a nástenné viaclistové kalendáre  |2 SNKPH  |9 302208 
655 7 |a reprodukcie umeleckých diel  |2 SNKPH  |9 70730 
710 2 |a Réunion des musées nationaux (Paríž, Francúzsko)  |4 pht  |9 35992 
958 |a GBN 
999 |c 998366  |d 1000296 
952 |a SNK  |b SNK  |y PREZ  |7 0  |p 17A0541721  |o snkOSA 817  |i snk2007/5177  |8 0  |0 0  |1 0  |4 0  |d 2007-02-23  |l 0  |r 2026-02-24 12:10:26  |w 2026-02-24 
952 |a SNK  |b SNK  |y PREZ  |7 0  |p 17A0541720  |o snkOSA 817 D1  |i snk2007/5178  |8 0  |0 0  |1 0  |4 0  |d 2007-02-23  |l 0  |r 2026-02-24 12:10:26  |w 2026-02-24